00554nam a22001937a 450000500170000001000130001702000100003003500130004003700160005304000120006908200150008110000160009624500600011226000410017227000510021330000210026465000260028565000490031120170124110110.0 aA-996903 c00.00 aA-996903 bCen Lib/Ret aDPLbEN a910.4bDUT aDutt, Aroti aOver the rainbow :cby Aroti Duttbfar away from home / aNew Delhi bSterling Publisherc1999 aL-10, Green Park ExtensionbNew Delhi e110016 a172p. c21cm(Hb) aDutt, Aroti -- Travel aWomen social reformers -- India -- Biography